000
00300nam a22001337a 4500
008
170927b xxu||||| |||| 00| 0 eng d
020
_a
9780312413149
041
_a
eng
080
_2
5TH
_a
37
100
_a
47
101
_a
EDU
245
_a
THE ST.MARTIN'S HANDBOOK
_c
LUNSFORD,A.A
942
_2
udc
_c
BK
999
_c
30218
_d
30218